| 000 | 00826nam a22002057a 4500 | ||
|---|---|---|---|
| 003 | OSt | ||
| 005 | 20220909180208.0 | ||
| 008 | 220909b |||||||| |||| 00| 0 eng d | ||
| 020 | _a978-607-97605-7-1 | ||
| 040 | _cBiblioteca Lado V | ||
| 082 |
_a070.41 _bP896u |
||
| 100 | _aPradilla, Nicolas | ||
| 245 |
_aUn modelo de organización colectiva para la subjetivacion política/ _bEl manual del editor con huaraches y los seminarios de labor editorial en escuelas normales rurales en México/ |
||
| 260 |
_aMexico _bTaller de ediciones económicas _c2019 |
||
| 300 |
_a134p. _c11x19cm |
||
| 648 |
_2Tesauro de Arte & Arquitectura _aEDITORIAL |
||
| 650 |
_2Tesauro de Arte & Arquitectura _aNUEVAS PERSPECTIVAS |
||
| 650 |
_2Tesauro de Arte & Arquitectura _aCRITICA |
||
| 942 |
_2ddc _c1 _h070.41 _iP896u _n0 |
||
| 999 |
_c1981 _d1981 |
||